000 01018nam0a22002771 4500
001 rc\3044689
005 20250530023024.0
035 _a(NLR Aleph) 007184521
090 _a7475825
_c7475825
100 _a20111007d1940 |||y0rusy50 ca
101 0 _arus
102 _aRU
105 _ay z |||||
200 1 _aОпределение произведения в линейном полуупорядоченном пространстве
_fБ.З. Вулих
210 _aМосква
_cИзд-во Акад. наук СССР
_d1940
215 _a847-851 с.
_d26 см
225 1 _aМатематика
300 _aБез тит. л. Описано по 1-й с. текста
300 _aОтт. из: "Доклады Акад. наук СССР", 1940. Т. 26, № 9
320 _aБиблиогр.: с. 851-я
700 1 _aВулих
_bБ.З.
_f1913-1978
_gБорис Захарович
801 0 _aRU
_bNLR
_gpsbo
801 1 _aRU
_bELAR
_2rusmarc
852 _aNLR
_j40-12/378
942 _cBOOK
980 _aNB